00325nam a2200133Ia 4500008004100000020001500041041001200056082001600068100001500084245003300099260003100132300000900163650001900172221030s9999 xx 000 0 und d a8170081521 aEnglish a105.23bBal aN. P. Bali 0aGolden Differential Calculus bLaxmi PubaNew Delhic2003 a1079 aBB Mathematics